MARC

LEADER 00000nam0a2200000 4500
001 283179
005 20231101235554.0
035 |a (RuTPU)RU\TPU\book\307226 
090 |a 283179 
100 |a 20150205d1984 k y0rusy50 ca 
101 0 |a rus 
102 |a UA 
105 |a a z 001zy 
200 1 |a Проблемы химии свободных радикалов  |f В. Д. Походенко [и др.]  |g Академия наук Украинской ССР (АН УССР), Институт физической химии им. Л. В. Писаржевского 
210 |a Киев  |c Наукова думка  |d 1984 
215 |a 264 с.  |c ил. 
320 |a Библиогр. в конце гл. 
606 1 |a Радикалы свободные  |x Химия  |2 stltpush  |3 (RuTPU)RU\TPU\subj\70569  |9 84788 
610 1 |a феноксильные радикалы 
610 1 |a спектры 
610 1 |a электронное строение 
610 1 |a катион-радикалы 
610 1 |a органические молекулы 
610 1 |a межмолекулярные взаимодействия 
610 1 |a библиотека А. Г. Стромберга 
675 |a 54.024  |v 3 
701 1 |a Походенко  |b В. Д.  |g Виталий Дмитриевич 
701 1 |a Дегтярев  |b Л. С.  |g Леонид Сергеевич 
701 1 |a Кошечко  |b В. Г.  |g Вячеслав Григорьевич 
701 1 |a Куц  |b В. С.  |g Владимир Сергеевич 
712 0 2 |a Академия наук Украинской ССР (АН УССР)  |b Институт физической химии им. Л. В. Писаржевского  |2 stltpush  |3 (RuTPU)RU\TPU\col\11861 
801 1 |a RU  |b 63413507  |c 20150205 
801 2 |a RU  |b 63413507  |c 20170918  |g RCR 
942 |c BK